书目信息 |
| 题名: |
自贡盐业契约档案选辑
|
|
| 作者: | ;自贡市档案馆 , 四川大学 , 北京经济学院 编 | |
| 分册: | ||
| 出版信息: | 北京 中国社会科学出版社 1985 |
|
| 页数: | 1200页 | |
| 开本: | 20cm | |
| 丛书名: | ||
| 单 册: | ||
| 中图分类: | F429.49 | |
| 科图分类: | ||
| 主题词: | 盐业史-档案资料--自贡市--1932~1949 , 档案资料-盐业史--自贡市--1932~1949 | |
| 电子资源: | ||
| ISBN: | ||
| 000 | 00846nam0 2200265 45 | |
| 001 | 0185002391 | |
| 005 | 20061030091852.04 | |
| 010 | @b精装@dCNY10.00 | |
| 091 | @aCN@b4190.227 | |
| 100 | @a19900816d1985 em y0chiy0121 ea | |
| 101 | 0 | @achi |
| 102 | @aCN@b110000 | |
| 105 | @af z 000yy | |
| 200 | 10 | @a自贡盐业契约档案选辑@Azi gong yan ye qi yue dang an xuan ji@e1932-1949@f自贡市档案馆等编 |
| 210 | @a北京@c中国社会科学出版社@d1985 | |
| 215 | @a1200页@c照片@d20cm | |
| 606 | @a盐业史-档案资料@y自贡市@z1932~1949 | |
| 606 | @a档案资料-盐业史@y自贡市@z1932~1949 | |
| 690 | @aF429.49@v3 | |
| 711 | 02 | @a自贡市档案馆@Azi gong shi dang an guan@4编 |
| 711 | 02 | @a四川大学@Asi chuan da xue@4编 |
| 711 | 02 | @a北京经济学院@Abei jing jing ji xue yuan@4编 |
| 801 | 2 | @aCN@bNLC@c20061030 |
| 801 | 0 | @aCN@bTSSF |
| 905 | @a10447@dF429.49@e38 | |
| 自贡盐业契约档案选辑:1932-1949/自贡市档案馆等编.-北京:中国社会科学出版社,1985 |
| 1200页:照片;20cm |
| ISBN (精装):CNY10.00 |
| ● |
| 相关链接 |
|
|
|
|
正题名:自贡盐业契约档案选辑
索取号:F429.49/38
 
预约/预借
| 序号 | 登录号 | 条形码 | 馆藏地/架位号 | 状态 | 备注 |
| 1 | 0216090 | 001571329 | 第一样本阅览室/ [索取号:F429.49/38] | 在馆 |